000 00705cam a22002413a 4500
001 31230
003 PGUSA
005 20140828083657.0
008 100208s2010||||xxu|||||s|||||000 | eng d
040 _aPGUSA
_beng
042 _adc
050 4 _aRX
100 1 _aHiller, Frederick,
_d1820-
245 1 0 _aAllopathy and Homoeopathy Before the Judgment of Common Sense!
_h[electronic resource] /
_cFrederick Hiller
260 _bProject Gutenberg,
_c2010
506 _aPublic domain in the USA.
516 _aElectronic text
653 _aHahnemann, Samuel, 1755-1843
653 _aHomeopathy
830 0 _aProject Gutenberg
_v31230
856 4 0 _uhttp://www.gutenberg.org/ebooks/31230
942 _cEB
999 _c260485
_d260485